| 000 | 00767nam a22002297a 4500 | ||
|---|---|---|---|
| 005 | 20240405155415.0 | ||
| 008 | 240405b ||||| |||| 00| 0 eng d | ||
| 020 | _a9789351611660 | ||
| 040 | _cAIMIT LIBRARY | ||
| 082 |
_21 _a331.8 _bTRIP |
||
| 100 |
_aTripathi, P C. _9158962 |
||
| 245 |
_aIndustrial relations and labour laws / _cBy P C Tripathi, C B Gupta and N D Kapoor. |
||
| 250 | _a1st ed. | ||
| 260 |
_aNew Delhi : _bSultan Chand and Sons , _c2020. |
||
| 300 |
_aviii,319p. ; _bPB _c24 cm |
||
| 650 |
_aIndustrial relations and industrial disputes in India _9158963 |
||
| 650 |
_aSocial secutity _9158964 |
||
| 650 |
_aWorking conditions _9158965 |
||
| 700 |
_aGupta, C B. _9158966 |
||
| 700 |
_aKapoor, N D. _9158967 |
||
| 942 |
_2ddc _cBK _e1st _k331.8 TRIP |
||
| 999 |
_c230678 _d230678 |
||